[Event "WY Girls-U18"]
[Site "Porto Carras GRE"]
[Date "2010.10.23"]
[Round "4.5"]
[White "Grigorian, Marine"]
[Black "Suslova, Alena"]
[Result "1-0"]
[WhiteTitle "WFM"]
[BlackTitle "WFM"]
[WhiteElo "2178"]
[BlackElo "2207"]
[WhiteFideId "4124260"]
[BlackFideId "24111643"]
[EventDate "2010.10.20"]

1. e4 c5 2. Nc3 Nc6 3. Bb5 Nd4 4. Bc4 e6 5. Nf3 g6 6. Nxd4 cxd4 7. Nb5 Qb6 8. c3
dxc3 9. dxc3 a6 10. Nd4 Bg7 11. O-O Ne7 12. a4 O-O 13. a5 Qc5 14. Qe2 d5 15.
exd5 Nxd5 16. Nb3 Qc6 17. Rd1 Bd7 18. Bxd5 exd5 19. Be3 Rfe8 20. Qd3 Bf5 21. Qd2
Be6 22. Nc5 Rad8 23. Bd4 Re7 24. Ra4 Bxd4 25. Qxd4 Bf5 26. Rb4 Rc8 27. Nd3 Re4
28. Qb6 Rxb4 29. Qxc6 Rxc6 30. Nxb4 Re6 31. Kf1 Kg7 32. Nxd5 Bc2 33. Rd4 Re4 34.
Rxe4 Bxe4 35. Ne3 f5 36. f4 Kf6 37. Kf2 Ke6 38. Nc4 Kd5 39. Nb6+ Kc6 40. g3 Bd3
41. Ke3 Bf1 42. Kd4 Kd6 43. b4 h6 44. Nc4+ Ke6 45. Ne5 g5 46. Kc5 gxf4 47. gxf4
Ke7 48. Kb6 Bg2 49. Kc7 h5 50. c4 h4 51. b5 axb5 52. cxb5 Ke6 53. b6 h3 54. a6
bxa6 55. Nc6 1-0

[Event "WY Girls-U18"]
[Site "Porto Carras GRE"]
[Date "2010.10.23"]
[Round "4.6"]
[White "Vo, Thi Kim Phung"]
[Black "Pavlidou, Ekaterini"]
[Result "1/2-1/2"]
[WhiteTitle "WIM"]
[BlackTitle "WIM"]
[WhiteElo "2147"]
[BlackElo "2191"]
[WhiteFideId "12401838"]
[BlackFideId "4213262"]
[EventDate "2010.10.20"]

1. d4 Nf6 2. c4 e6 3. Nf3 b6 4. g3 Bb7 5. Bg2 Be7 6. O-O O-O 7. Nc3 Ne4 8. Nxe4
Bxe4 9. Bd2 f5 10. Qc1 c5 11. dxc5 bxc5 12. Bg5 Nc6 13. Bxe7 Qxe7 14. Rd1 Rad8
15. Qg5 Rf6 16. Ne1 Bxg2 17. Nxg2 Nd4 18. Kf1 Qf7 19. Nf4 Re8 20. e3 Nf3 21. Qh5
Qxh5 22. Nxh5 Rh6 23. Kg2 Nxh2 24. Kxh2 Rxh5+ 25. Kg2 Rd8 26. Rd6 Kf7 27. Rad1
Ke7 28. Ra6 Ra8 29. Ra5 d6 30. Ra6 Rd8 31. Rxa7+ Rd7 32. Ra5 Rh6 33. Rb5 Rf6 34.
Rd3 Ra7 35. Rb8 Rf8 36. Rxf8 Kxf8 37. Rxd6 Ke7 38. Rb6 Rxa2 39. Rb7+ Kf6 40. Kf3
h5 41. Ke2 g5 42. Kd3 h4 43. gxh4 gxh4 44. f4 Kg6 45. Ke2 Ra1 46. Kf2 Rc1 47.
Rb6 Kf6 48. Kg2 Rxc4 49. Kh3 Re4 50. Rb3 c4 51. Ra3 e5 52. Ra6+ Ke7 53. Kxh4
exf4 54. exf4 Rxf4+ 55. Kg5 Rf2 56. Rc6 Rc2 57. Kxf5 Kd7 58. Ra6 1/2-1/2

[Event "WY Girls-U18"]
[Site "Porto Carras GRE"]
[Date "2010.10.23"]
[Round "4.7"]
[White "Tsatsalashvili, Keti"]
[Black "Adamowicz, Katarzyna"]
[Result "1-0"]
[WhiteTitle "WIM"]
[BlackTitle "WFM"]
[WhiteElo "2266"]
[BlackElo "2147"]
[WhiteFideId "13603434"]
[BlackFideId "1134043"]
[EventDate "2010.10.20"]

1. d4 d5 2. c4 c6 3. Nf3 Nf6 4. e3 e6 5. Nc3 Nbd7 6. Bd3 dxc4 7. Bxc4 b5 8. Bd3
Bb7 9. a3 a5 10. O-O b4 11. Na4 Qc7 12. Qc2 c5 13. Nxc5 Nxc5 14. Bb5+ Bc6 15.
Bxc6+ Qxc6 16. dxc5 Rc8 17. axb4 axb4 18. Nd4 Qxc5 19. Qa4+ Nd7 20. Bd2 Qb6 21.
Rac1 Rxc1 22. Rxc1 Bc5 23. Rxc5 Qxc5 24. Qa8+ Ke7 25. Qxh8 Ne5 26. Qb8 Nd3 27.
Qb7+ Kf6 28. Qf3+ Ke7 29. Qe4 1-0

[Event "WY Girls-U18"]
[Site "Porto Carras GRE"]
[Date "2010.10.23"]
[Round "4.8"]
[White "Haast, Anne"]
[Black "Purgar, Ivona"]
[Result "1-0"]
[WhiteTitle "WIM"]
[BlackTitle "WFM"]
[WhiteElo "2256"]
[BlackElo "2091"]
[WhiteFideId "1017292"]
[BlackFideId "14514451"]
[EventDate "2010.10.20"]

1. e4 c5 2. Nf3 e6 3. d4 cxd4 4. Nxd4 Nf6 5. Nc3 d6 6. g4 h6 7. h4 Nc6 8. Rg1 h5
9. gxh5 Nxh5 10. Bg5 Nf6 11. Rg3 a6 12. Rd3 Qc7 13. Qe2 Bd7 14. O-O-O Ne5 15.
R3d2 b5 16. f4 Nc4 17. e5 Nxd2 18. Bg2 Nfe4 19. Nxe4 Nxe4 20. Bxe4 Rc8 21. f5
Qc4 22. fxe6 Bxe6 23. Qf3 d5 24. Bd3 Qc5 25. Nxe6 fxe6 26. Bg6+ Kd7 27. Qf7+ Be7
28. Bf5 Rc6 29. Bxe7 Qe3+ 30. Kb1 Qe2 31. Bxe6+ 1-0

[Event "WY Girls-U18"]
[Site "Porto Carras GRE"]
[Date "2010.10.23"]
[Round "4.9"]
[White "Kaya, Emel"]
[Black "Efroimski, Marsel"]
[Result "0-1"]
[WhiteTitle "WCM"]
[BlackTitle "WFM"]
[WhiteElo "2070"]
[BlackElo "2244"]
[WhiteFideId "6306411"]
[BlackFideId "2810964"]
[EventDate "2010.10.20"]

1. e4 e5 2. Nf3 Nc6 3. Bc4 Nf6 4. d3 Be7 5. O-O d6 6. Re1 Bg4 7. c3 Qd7 8. Nbd2
O-O 9. Bb3 Kh8 10. h3 Bh5 11. Nf1 Bg6 12. Ng3 Nh5 13. Nxh5 Bxh5 14. g4 Bg6 15.
Nh2 f6 16. Nf1 Na5 17. Bc2 d5 18. Qf3 b5 19. Ne3 d4 20. cxd4 exd4 21. Nd5 Bd6
22. Bd2 Nc6 23. a4 Ne5 24. Qe2 Bf7 25. f4 Nc6 26. f5 Ne5 27. Nf4 c5 28. axb5 c4
29. Ra6 Bc5 30. Ba4 Qb7 31. Kh1 Bb6 32. dxc4 Nxc4 33. Ne6 Ne3 34. Bxe3 dxe3 35.
Nxf8 Qxe4+ 36. Qg2 Qb4 37. Ng6+ hxg6 38. Qxa8+ Kh7 39. Rb1 Qc4 40. fxg6+ Bxg6
41. Bb3 Be4+ 42. Kg1 e2+ 43. Rxb6 Qd4+ 0-1

[Event "WY Girls-U18"]
[Site "Porto Carras GRE"]
[Date "2010.10.23"]
[Round "4.10"]
[White "De Seroux, Camille"]
[Black "Hejazipour, Mitra"]
[Result "0-1"]
[BlackTitle "WFM"]
[WhiteElo "2020"]
[BlackElo "2239"]
[WhiteFideId "1305620"]
[BlackFideId "12505951"]
[EventDate "2010.10.20"]

1. e4 c5 2. Nf3 e6 3. d4 cxd4 4. Nxd4 a6 5. c4 Nf6 6. Nc3 Bb4 7. Bd3 Nc6 8. a3
Bxc3+ 9. bxc3 Ne5 10. O-O Qc7 11. Qe2 d6 12. f4 Nxd3 13. Qxd3 O-O 14. Rb1 Bd7
15. Re1 e5 16. Nc2 Rac8 17. Ne3 Qc5 18. Kh1 b5 19. Nd5 Ng4 20. Rb2 Nf2+ 21. Rxf2
Qxf2 22. Ne7+ Kh8 23. Rf1 bxc4 24. Qd1 Qc5 25. fxe5 Rcd8 26. exd6 f5 27. Qh5
Qxd6 28. Bg5 fxe4 29. Rd1 Be8 30. Rxd6 Rf1# 0-1

[Event "WY Girls-U18"]
[Site "Porto Carras GRE"]
[Date "2010.10.23"]
[Round "4.11"]
[White "Travkina, Anastasia"]
[Black "Mamatkulova, Maftuna"]
[Result "1-0"]
[WhiteTitle "WFM"]
[WhiteElo "2189"]
[BlackElo "2007"]
[WhiteFideId "24129151"]
[BlackFideId "14202816"]
[EventDate "2010.10.20"]

1. e4 c6 2. d4 d5 3. Nd2 dxe4 4. Nxe4 Bf5 5. Ng3 Bg6 6. N1e2 e6 7. h4 h6 8. Nf4
Bh7 9. Bc4 Nf6 10. O-O Bd6 11. Re1 O-O 12. c3 Nbd7 13. Nxe6 fxe6 14. Rxe6 Kh8
15. Rxd6 Ne8 16. Re6 Qxh4 17. Qh5 Qxh5 18. Nxh5 Nef6 19. Nxf6 Nxf6 20. Re7 b5
21. Bb3 a5 22. a4 b4 23. cxb4 axb4 24. Bc4 Ne4 25. Be3 Nd6 26. Bf1 Be4 27. Bd2
Bd5 28. Bxb4 Nf5 29. Re5 Rfb8 30. Bc3 Nd6 31. Re7 Kg8 32. a5 Kf8 33. Rae1 Rb3
34. Bd3 Nc8 35. Rd7 1-0

[Event "WY Girls-U18"]
[Site "Porto Carras GRE"]
[Date "2010.10.23"]
[Round "4.13"]
[White "Endress, Anna"]
[Black "Miladinovic, Lena"]
[Result "0-1"]
[WhiteElo "2160"]
[BlackElo "2064"]
[WhiteFideId "24629472"]
[BlackFideId "942553"]
[EventDate "2010.10.20"]

1. e4 c5 2. Nf3 e6 3. d4 cxd4 4. Nxd4 Nc6 5. Nc3 Qc7 6. Be3 a6 7. Qd2 Nf6 8.
O-O-O Bb4 9. f3 O-O 10. g4 b5 11. g5 Nh5 12. Kb1 Bb7 13. Nde2 Ne5 14. Qd4 Nc4
15. Bf2 d6 16. Be1 Bc5 17. Qd3 Ne5 18. Qd2 b4 19. Na4 Nxf3 20. Qd3 Nxg5 21. Bg2
e5 22. Bh4 Ne6 23. Nxc5 dxc5 24. Bf3 Nhf4 25. Nxf4 Nxf4 26. Qe3 f6 27. Bf2 c4
28. Qc5 Rac8 29. Qxb4 c3 30. Bb6 Qc4 31. Qe7 cxb2 32. Rd2 Bxe4 33. Bxe4 Qxe4 34.
Rg1 Ng6 35. Qe6+ Kh8 36. Qd7 Qc6 37. Ba5 Qc5 38. Rg3 Qc6 39. Qxc6 Rxc6 40. Rd7
Rfc8 41. h4 Rxc2 42. h5 Rh2 43. Rc3 Rh1+ 44. Kxb2 Rb8+ 45. Rb3 Rxb3+ 46. axb3
Kg8 47. hxg6 hxg6 48. Rd6 g5 49. Rxa6 g4 50. Bb6 g3 51. Ra4 f5 52. Ra5 Re1 53.
Kc3 g2 54. Kd2 g1=Q 55. Bxg1 Rxg1 56. Rxe5 g6 57. Re7 Kf8 58. Rb7 Rg4 59. b4 Re4
60. b5 Re7 61. Rb6 Kf7 62. Rc6 Re6 63. Rc7+ Kf6 64. Rb7 g5 65. b6 Ke5 66. Rb8
Kf4 67. b7 Re7 68. Kd3 g4 69. Kd2 g3 70. Kd3 Rg7 71. Ke2 g2 72. Ra8 Rxb7 73. Kf2
Rb2+ 74. Kg1 Kf3 75. Ra3+ Kg4 76. Ra8 f4 77. Rg8+ Kf3 78. Kh2 Ke3 79. Kg1 f3 80.
Re8+ Kf4 81. Rf8+ Kg4 82. Rg8+ Kf4 83. Rf8+ Ke4 84. Re8+ Kd5 85. Rd8+ Ke6 86.
Rd1 Ke5 87. Kh2 Kf4 88. Ra1 Ke3 89. Kg3 Ke2 90. Rc1 Rd2 91. Ra1 Rd1 92. Ra2+ Ke1
93. Kh2 Kf1 0-1

[Event "WY Girls-U18"]
[Site "Porto Carras GRE"]
[Date "2010.10.24"]
[Round "5.1"]
[White "Kazimova, Narmin Nizami qizi"]
[Black "Hoang, Thi Nhu Y"]
[Result "1-0"]
[WhiteTitle "WIM"]
[BlackTitle "WIM"]
[WhiteElo "2260"]
[BlackElo "2214"]
[WhiteFideId "13402951"]
[BlackFideId "12401455"]
[EventDate "2010.10.20"]

1. Nf3 Nf6 2. c4 c6 3. Nc3 d5 4. e3 a6 5. a4 dxc4 6. Bxc4 e6 7. d4 Be7 8. O-O
O-O 9. e4 a5 10. Bd3 Re8 11. Qe2 Nbd7 12. Bf4 Nf8 13. h3 Ng6 14. Bh2 Qb6 15.
Rac1 Bd7 16. Rfd1 Rac8 17. Ne5 Red8 18. Nc4 Qa7 19. Nd6 Ra8 20. e5 Nd5 21. Qf3
Bxd6 22. exd6 Nxc3 23. Rxc3 Rac8 24. h4 Nf8 25. h5 c5 26. h6 cxd4 27. Rxc8 Rxc8
28. Be5 Bxa4 29. Ra1 Bc6 30. Qg4 g6 31. Bxd4 b6 32. Bc3 Nd7 33. Bxg6 1-0

[Event "WY Girls-U18"]
[Site "Porto Carras GRE"]
[Date "2010.10.24"]
[Round "5.2"]
[White "Kulon, Klaudia"]
[Black "Cori T., Deysi"]
[Result "1/2-1/2"]
[WhiteTitle "WFM"]
[BlackTitle "WGM"]
[WhiteElo "2196"]
[BlackElo "2368"]
[WhiteFideId "1131044"]
[BlackFideId "3801934"]
[EventDate "2010.10.20"]

1. e4 e6 2. d4 d5 3. Nd2 Be7 4. Bd3 c5 5. dxc5 Nf6 6. Qe2 Nc6 7. Ngf3 Nb4 8. Nb3
a5 9. a4 Nxd3+ 10. cxd3 dxe4 11. dxe4 b6 12. Qb5+ Kf8 13. O-O Ba6 14. Qxb6 Bxf1
15. Qxd8+ Rxd8 16. Kxf1 Nxe4 17. Be3 Rb8 18. Ra3 Bf6 19. Nfd4 Bxd4 20. Nxd4 Rxb2
21. Rd3 Nf6 22. Bf4 Nd5 23. Bd6+ Kg8 24. g3 h5 25. h4 Rb4 26. Nc6 Rxa4 27. Rb3
Kh7 28. Rb7 f6 29. Ra7 Rc8 30. Nxa5 Nc3 31. Be7 Kg6 32. Kg2 Ne4 33. c6 Ra2 34.
Kf3 Nd2+ 35. Kg2 Nc4 36. Bb4 Ra4 37. c7 Kf7 38. Nxc4 Rxa7 39. Nd6+ Kg6 40. Nxc8
Rxc7 41. Nd6 1/2-1/2

[Event "WY Girls-U18"]
[Site "Porto Carras GRE"]
[Date "2010.10.24"]
[Round "5.3"]
[White "Bulmaga, Irina"]
[Black "Grigorian, Marine"]
[Result "1-0"]
[WhiteTitle "WIM"]
[BlackTitle "WFM"]
[WhiteElo "2267"]
[BlackElo "2178"]
[WhiteFideId "13903063"]
[BlackFideId "4124260"]
[EventDate "2010.10.20"]

1. e4 d6 2. d4 Nf6 3. Bd3 e5 4. c3 g6 5. Nf3 Nbd7 6. O-O Bg7 7. Nbd2 O-O 8. Re1
b6 9. Qc2 Bb7 10. a4 a6 11. dxe5 dxe5 12. Bf1 Qe7 13. b3 Nh5 14. Ba3 c5 15. b4
Rfc8 16. bxc5 Nxc5 17. Nc4 Qe6 18. Rab1 Nd7 19. Nd6 Rc7 20. Ng5 Qf6 21. Ngxf7
Rf8 22. Nxb7 Rxf7 23. Nd6 Rf8 24. Bxa6 Nc5 25. Bc4+ Kh8 26. Rxb6 Qh4 27. g3 Qe7
28. a5 Nf6 29. Rd1 Nfd7 30. Rbb1 Bh6 31. a6 Nf6 32. a7 Ng4 33. Rb6 Qd8 1-0

[Event "WY Girls-U18"]
[Site "Porto Carras GRE"]
[Date "2010.10.24"]
[Round "5.4"]
[White "Stetsko, Lanita"]
[Black "Tsatsalashvili, Keti"]
[Result "0-1"]
[WhiteTitle "FM"]
[BlackTitle "WIM"]
[WhiteElo "2148"]
[BlackElo "2266"]
[WhiteFideId "13505300"]
[BlackFideId "13603434"]
[EventDate "2010.10.20"]

1. c4 e6 2. Nf3 Nf6 3. g3 d5 4. b3 c5 5. Bg2 d4 6. e3 Nc6 7. exd4 cxd4 8. d3 Bc5
9. O-O O-O 10. Na3 e5 11. Nc2 Re8 12. Bg5 Bg4 13. a3 Be7 14. h3 Bh5 15. g4 Bg6
16. Nh4 Nd7 17. Bxe7 Nxe7 18. b4 Qc7 19. Qd2 Nf8 20. f4 exf4 21. Nxd4 Rad8 22.
Ndf5 Bxf5 23. Nxf5 Nfg6 24. Rae1 b6 25. Re4 Qd7 26. Rfe1 Nxf5 27. Rxe8+ Rxe8 28.
Rxe8+ Qxe8 29. gxf5 Ne5 30. Qxf4 Nxd3 31. Qe4 Qxe4 32. Bxe4 Ne5 33. c5 bxc5 34.
bxc5 Kf8 35. Kf2 Nd7 36. c6 Nf6 37. Bf3 Ke7 38. Ke3 Kd6 39. Kd4 Ng8 40. Kc4 Ne7
41. Kb5 Nxf5 42. Ka6 Kc7 43. Kxa7 Nd4 44. Bd5 f5 45. Ka6 f4 46. a4 f3 47. h4 f2
48. Bg2 g6 49. Ka5 Nxc6+ 50. Kb5 Nd4+ 51. Kc4 Nf5 52. Kd3 Ng3 53. Ke3 f1=Q 54.
Bxf1 Nxf1+ 55. Kf4 Nd2 56. Kg5 Nf3+ 57. Kg4 Nxh4 0-1

[Event "WY Girls-U18"]
[Site "Porto Carras GRE"]
[Date "2010.10.24"]
[Round "5.5"]
[White "Miladinovic, Lena"]
[Black "Haast, Anne"]
[Result "0-1"]
[BlackTitle "WIM"]
[WhiteElo "2064"]
[BlackElo "2256"]
[WhiteFideId "942553"]
[BlackFideId "1017292"]
[EventDate "2010.10.20"]

1. e4 e5 2. Nf3 Nc6 3. d4 exd4 4. Nxd4 Nf6 5. Nxc6 bxc6 6. e5 Qe7 7. Qe2 Nd5 8.
c4 Nb6 9. b3 g6 10. Bb2 Bg7 11. Nd2 O-O 12. O-O-O a5 13. a4 Rb8 14. Qe3 d6 15.
f4 dxe5 16. fxe5 Bf5 17. h3 Nxa4 18. bxa4 Rxb2 19. Kxb2 Bxe5+ 20. Ka2 Rb8 21.
Qa3 Qd7 22. Be2 Qd4 23. Nb3 Qc3 24. Rd2 Bc2 25. Bd1 Qa1+ 0-1

[Event "WY Girls-U18"]
[Site "Porto Carras GRE"]
[Date "2010.10.24"]
[Round "5.6"]
[White "Efroimski, Marsel"]
[Black "Travkina, Anastasia"]
[Result "0-1"]
[WhiteTitle "WFM"]
[BlackTitle "WFM"]
[WhiteElo "2244"]
[BlackElo "2189"]
[WhiteFideId "2810964"]
[BlackFideId "24129151"]
[EventDate "2010.10.20"]

1. e4 c5 2. Nf3 d6 3. d4 cxd4 4. Nxd4 Nf6 5. Nc3 g6 6. Be3 Bg7 7. f3 Nc6 8. Qd2
O-O 9. O-O-O d5 10. Kb1 e6 11. g4 Nxd4 12. Bxd4 dxe4 13. g5 Nh5 14. Qe3 Bxd4 15.
Rxd4 Qb6 16. Qxe4 Rd8 17. Rxd8+ Qxd8 18. h4 Ng3 19. Qe1 Nxh1 20. Bd3 e5 21. Ne4
Qd4 22. Qxh1 Bf5 23. Nf6+ Kg7 24. Bxf5 gxf5 25. b3 Rd8 26. Qh3 Qc3 27. Qf1 Rd2
28. Qc1 Qd4 0-1

[Event "WY Girls-U18"]
[Site "Porto Carras GRE"]
[Date "2010.10.24"]
[Round "5.7"]
[White "Hejazipour, Mitra"]
[Black "Bezgodova, Maria"]
[Result "0-1"]
[WhiteTitle "WFM"]
[BlackTitle "WFM"]
[WhiteElo "2239"]
[BlackElo "2170"]
[WhiteFideId "12505951"]
[BlackFideId "24111260"]
[EventDate "2010.10.20"]

1. d4 d5 2. c4 e6 3. Nc3 c5 4. cxd5 exd5 5. Nf3 Nc6 6. g3 Nf6 7. Bg2 Be7 8. O-O
O-O 9. dxc5 Bxc5 10. Na4 Be7 11. Nd4 Be6 12. Be3 Nxd4 13. Bxd4 b6 14. Nc3 Rc8
15. Qd2 Qd7 16. Rfd1 Rfd8 17. Rac1 h6 18. Bxf6 Bxf6 19. Nxd5 Rxc1 20. Qxc1 Bxd5
21. Bxd5 Qb5 22. e4 Rf8 23. b3 Qe2 24. Rd2 Qg4 25. Qc7 h5 26. Kg2 h4 27. f3 Qh5
28. f4 h3+ 29. Kf2 Re8 30. Qd7 Kf8 31. b4 Be7 32. a3 a5 33. Rd4 axb4 34. axb4
Rd8 35. Qc7 Qh6 36. Qc4 Qf6 37. e5 Qf5 38. Rd1 Rc8 39. Bc6 b5 40. Qd5 Qc2+ 41.
Kf3 Qxc6 42. Qxc6 Rxc6 43. Rd5 Rb6 44. Rd4 f5 45. g4 g6 46. Kg3 Rc6 47. gxf5
gxf5 48. Rd5 Rc3+ 49. Kf2 Kf7 50. Rxb5 Rb3 51. Rb7 Rxb4 52. Rxb4 Bxb4 53. Kg3
Bd2 54. Kf3 Ke6 55. Kg3 Kd5 56. Kf3 Bc1 57. Kg3 Ke4 58. e6 Bxf4+ 59. Kxh3 Bg5
60. Kg3 f4+ 61. Kf2 Kf5 62. Kf3 Kxe6 63. Kg4 Kf6 64. h3 Kg6 65. h4 Bh6 66. h5+
Kf6 67. Kh4 Kf5 68. Kh3 Kg5 0-1

[Event "WY Girls-U18"]
[Site "Porto Carras GRE"]
[Date "2010.10.24"]
[Round "5.8"]
[White "Pavlidou, Ekaterini"]
[Black "Iordanidou, Zoi"]
[Result "0-1"]
[WhiteTitle "WIM"]
[WhiteElo "2191"]
[BlackElo "2152"]
[WhiteFideId "4213262"]
[BlackFideId "4209192"]
[EventDate "2010.10.20"]

1. d4 f5 2. g3 Nf6 3. Bg2 e6 4. b3 c6 5. Bb2 d5 6. Nf3 Bd6 7. O-O Qe7 8. a4 O-O
9. Ne5 Nbd7 10. f4 c5 11. e3 Ne4 12. Nd2 Ndf6 13. c4 Rd8 14. Nxe4 dxe4 15. Qe2
Bd7 16. h3 Be8 17. g4 h6 18. Rf2 Qc7 19. Bh1 Qb6 20. Rg2 cxd4 21. exd4 Qxb3 22.
g5 hxg5 23. fxg5 Nh5 24. Rf1 Bxe5 25. dxe5 Ng3 26. Rxg3 Qxg3+ 27. Bg2 Bh5 28.
Qc2 e3 29. Qb3 Rd2 30. Qxb7 Rad8 31. Bc3 Rd1 0-1

[Event "WY Girls-U18"]
[Site "Porto Carras GRE"]
[Date "2010.10.24"]
[Round "5.9"]
[White "Suslova, Alena"]
[Black "Vo, Thi Kim Phung"]
[Result "0-1"]
[WhiteTitle "WFM"]
[BlackTitle "WIM"]
[WhiteElo "2207"]
[BlackElo "2147"]
[WhiteFideId "24111643"]
[BlackFideId "12401838"]
[EventDate "2010.10.20"]

1. c4 e6 2. Nf3 Nf6 3. g3 b6 4. Bg2 Bb7 5. O-O Be7 6. Nc3 O-O 7. d3 d6 8. e4
Nbd7 9. Ne1 c6 10. f4 e5 11. Nf3 Re8 12. Kh1 Bf8 13. Nh4 a6 14. Nf5 b5 15. b3
Nc5 16. Be3 Ne6 17. Qe2 g6 18. fxe5 dxe5 19. Nh6+ Bxh6 20. Bxh6 Qe7 21. h3 Nh5
22. Kh2 Rad8 23. Rad1 Rd7 24. h4 Rc7 25. Rf2 Nd4 26. Qe3 Bc8 27. Rdf1 Qe6 28.
Ne2 Nxe2 29. Qxe2 Qg4 30. Qxg4 Bxg4 31. Rc1 b4 32. c5 Rd8 33. Bf1 a5 34. Kg2
Rcd7 35. Bg5 Re8 36. Rd2 f6 37. Be3 Red8 38. Ra1 Ng7 39. Rf2 f5 40. a3 Rb8 41.
axb4 Rxb4 42. Rxa5 Rxb3 43. Ra8+ Kf7 44. Rc8 Nh5 45. Rxc6 Rbxd3 46. Bxd3 Rxd3
47. Bg5 Rxg3+ 48. Kh2 Rh3+ 49. Kg2 Rg3+ 50. Kf1 Bh3+ 51. Ke2 f4 52. Rc7+ Kf8 53.
Rxh7 Ra3 54. Rh8+ Kg7 55. Rd8 Ng3+ 56. Ke1 Re3+ 57. Kd1 Bg4+ 58. Kc1 Re1+ 59.
Kb2 Nxe4 60. Rc2 f3 61. c6 f2 62. Rxf2 Nxf2 63. Rd7+ Bxd7 64. cxd7 Rd1 65. d8=Q
Rxd8 66. Bxd8 Kf7 67. Kc2 Ke6 68. Kd2 Kf5 69. Ke3 Ng4+ 70. Kf3 e4+ 71. Kg3 Ne5
72. Bb6 Nd3 73. Be3 Nb4 74. Bc5 Nd5 75. Bd6 Nf6 76. Kf2 Kg4 77. Be7 e3+ 78. Ke2
Nd5 79. Bg5 Kg3 80. Bd8 Kf4 81. Kd3 Kf3 82. Ba5 Nf4+ 83. Kd4 Ng2 84. Ke5 Kg4 85.
Ke4 e2 0-1

[Event "WY Girls-U18"]
[Site "Porto Carras GRE"]
[Date "2010.10.24"]
[Round "5.10"]
[White "Havlikova, Kristyna"]
[Black "Newrkla, Katharina"]
[Result "1-0"]
[WhiteTitle "WIM"]
[BlackTitle "WFM"]
[WhiteElo "2318"]
[BlackElo "2123"]
[WhiteFideId "309672"]
[BlackFideId "1621629"]
[EventDate "2010.10.20"]

1. e4 c5 2. Nf3 d6 3. d4 cxd4 4. Nxd4 Nf6 5. Nc3 a6 6. Bc4 e6 7. Bb3 b5 8. O-O
Be7 9. Qf3 Qc7 10. Qg3 Nc6 11. Nxc6 Qxc6 12. Re1 Bb7 13. Qxg7 Rg8 14. Qh6 O-O-O
15. Qh3 Kb8 16. f3 Rg6 17. a3 Rdg8 18. Re2 h5 19. Be3 Qe8 20. Rd1 h4 21. Bc1 Nd7
22. Ba2 Ne5 23. Bf4 Bc6 24. Kh1 R8g7 25. Nb1 Qg8 26. Nd2 Nd7 27. Nf1 e5 28. Bc1
Nc5 29. Ne3 Bd7 30. Nf5 Bxf5 31. exf5 Rg3 32. hxg3 hxg3 33. f6 Bxf6 34. Rxd6 Rh7
35. Rxf6 Rxh3+ 36. gxh3 Qd8 37. Kg2 Qxf6 38. Kxg3 Ne6 39. Bxe6 Qxe6 40. Rxe5
Qg6+ 41. Rg5 Qxc2 42. Bf4+ Kb7 43. Be5 Qc1 44. Rf5 Qg1+ 45. Kh4 Qg6 46. Rf6 Qh7+
47. Kg4 Qg8+ 48. Kf4 Qe8 49. h4 Qd7 50. h5 Qd2+ 51. Kg4 Qg2+ 52. Kh4 Qf2+ 53.
Kg5 Qd2+ 54. f4 Qd8 55. h6 Qg8+ 56. Kh4 a5 57. Bd4 Qh7 58. Kg5 Qg8+ 59. Kh5 Qh7
60. f5 Kc7 61. Bb6+ Kd7 62. Bxa5 Ke7 63. Bc3 Qg8 64. Rb6 Qg2 65. Bb4+ Kd7 66.
Rd6+ Kc7 67. Rd2 Qh3+ 68. Kg5 Qe3+ 69. Kf6 Qxh6+ 70. Kxf7 Qh5+ 71. Ke6 Qh6+ 72.
f6 Qh3+ 73. Ke7 Qe3+ 74. Kf7 Qe4 75. Rd6 Qh7+ 76. Ke8 Qh5+ 77. f7 Qe5+ 78. Kf8
Qh8+ 79. Ke7 Qh4+ 80. Rf6 Qe4+ 81. Kf8 Qh7 82. Bc3 Kd7 83. Ra6 Qf5 84. Kg8 Qg4+
85. Bg7 Qc4 86. Rf6 Ke7 87. Kh8 Qh4+ 88. Rh6 1-0

[Event "WY Girls-U18"]
[Site "Porto Carras GRE"]
[Date "2010.10.24"]
[Round "5.11"]
[White "Bhakti, Kulkarni"]
[Black "Le, Hoang Tran Chau"]
[Result "1-0"]
[WhiteTitle "CM"]
[BlackTitle "WFM"]
[WhiteElo "2294"]
[BlackElo "2082"]
[WhiteFideId "5019516"]
[BlackFideId "12401854"]
[EventDate "2010.10.20"]

1. d4 b6 2. e4 e6 3. Nf3 Bb7 4. Bd3 c5 5. c3 d6 6. Nbd2 Nf6 7. O-O Be7 8. Qe2 d5
9. e5 Nfd7 10. a3 Qc8 11. b4 c4 12. Bc2 Nc6 13. a4 a6 14. Qe3 Qc7 15. Ng5 h6 16.
Nh3 O-O-O 17. f4 g6 18. Nf3 Rdg8 19. Kf2 Bd8 20. b5 axb5 21. Ba3 Ndb8 22. axb5
Ne7 23. Qd2 Nf5 24. g4 Nh4 25. Nxh4 Bxh4+ 26. Ke2 Be7 27. f5 gxf5 28. gxf5 Bxa3
29. Rxa3 Rg2+ 30. Rf2 Rxf2+ 31. Nxf2 Qe7 32. Ra7 Qh4 33. Qe3 Rg8 34. Qf3 Nd7 35.
Ra1 Kc7 36. Rf1 Ra8 37. Qh3 Qg5 38. Qe3 Qh4 39. fxe6 fxe6 40. Qg3 Qe7 41. Nh3
Ra2 42. Kd2 Qh7 43. Rc1 Qf5 44. Nf4 Nf8 45. Kd1 Qf7 46. Qf2 Kb8 47. Qh4 Qg7 48.
Kd2 Ka7 49. Qf6 Qg8 50. Qxh6 Bc8 51. Rf1 Bd7 52. Qf6 Qh7 53. Rc1 Qxh2+ 54. Ne2
Qh7 55. Qxf8 Bxb5 56. Qa3+ Kb7 57. Qxa2 Qh6+ 58. Ke1 Qh4+ 59. Kf1 Qh1+ 60. Ng1
Qh2 61. Re1 Qf4+ 62. Ke2 Qg4+ 63. Kd2 Qg5+ 64. Kd1 1-0

[Event "WY Girls-U18"]
[Site "Porto Carras GRE"]
[Date "2010.10.24"]
[Round "5.12"]
[White "Zakoscielna, Kinga"]
[Black "Eric, Jovana"]
[Result "1-0"]
[WhiteTitle "WFM"]
[BlackTitle "WIM"]
[WhiteElo "2134"]
[BlackElo "2218"]
[WhiteFideId "1134680"]
[BlackFideId "938238"]
[EventDate "2010.10.20"]

1. e4 c5 2. Nf3 d6 3. d4 cxd4 4. Nxd4 Nf6 5. Nc3 g6 6. Be3 Bg7 7. f3 Nc6 8. Qd2
O-O 9. Bc4 Bd7 10. O-O-O Qb8 11. Bb3 a5 12. Ndb5 a4 13. Bxa4 Rc8 14. Kb1 Ne5 15.
Bb3 Nc4 16. Bxc4 Rxc4 17. a3 Qe8 18. Nd4 b5 19. Na2 e5 20. Nb3 d5 21. exd5 Bf5
22. Nb4 Rac8 23. Rc1 Bf8 24. d6 Rd8 25. Bc5 Nd7 26. Nd5 Rc8 27. g4 Be6 28. Bb4
Bxd5 29. Qxd5 Nb6 30. Qd3 Qd7 31. Rhe1 Bh6 32. Bd2 Bxd2 33. Nxd2 Rd4 34. Ne4 Kg7
35. Qe2 Nc4 36. Rcd1 Re8 37. Rxd4 exd4 38. Qd3 Qa7 39. Rd1 Ne5 40. Qxb5 Qa8 41.
d7 1-0